00448nam a2200181 a 4500001001300000003000900013005001700022008004100039020001000080082001700090100002200107245002500129260002800154300000900182500003500191505001000226650003000236nice12345678IN_TiNIC20260116015152.0050524s1958 lona grp 000 0 eng  ac10000a232.908bDOB aDobraczynski, Jan aLetters of Nicodemus aLondonbHeinemannc1958 a350p aincludes index and biblioraphy2 aIndex aJesus Christ-Historiocity